00751nam a2200193 i 450000100060000000300090000600500170001500700030003200800410003510000310007624500740010726000330018130000190021450501200023370000290035385200320038299900170041495201260043160218ES-MaACL20230906164200.0t|031103s1960 sp ||||1| spa d1 aEscribano, Eugenio.94762910aTriptea Mariano / cEugenio Escribano ; prólogo de Veremundo Pardo. aMadrid : bStudium, c[1960] a835 ; c18 cm.8 aContiene: I: La Virgen nuestra Señora. -- II: El alma de la Virgen María. -- II: Jesús a los ojos de su madre1 aPardo, Veremundo.988984 aES-MaACLjC-19757 bR.47271 c60218d60218 00104070aATENEOMbATENEOMcGaleríad2008-01-17eSCl0oC-19757p1063163r2023-02-23 00:00:00w2023-02-23yMONOGRAFIA